000 00788nam a2200241 i 4500
001 114995
003 ES-MaACL
005 20250903072442.0
007 t|
008 070216q19341935sp ||||1| spa d
080 _a929 Alfonso (460.18) X
080 _a821.134.2-82"12"
100 1 _aSánchez Pérez, José Augusto.
_9102843
245 1 0 _aAlfonso X, el Sabio
_b: siglo XIII /
_cJosé A. Sánchez Pérez.
260 _aMadrid :
_bAguilar,
_c[entre 1934-1935]
300 _a299 p. :
_bil. ;
_c17 cm.
490 1 _aBiblioteca de la cultura española ;
_v3
500 _aDibujo del biografiado.
600 0 4 _aAlfonso
_bX,
_cRey de Castilla
_919872
830 0 0 _aBiblioteca de la cultura española
_v3
_9185912
852 _aES-MaACL
_jC-23168
999 _c114995
_d114995